The lion the witch and the wardrobe : (Record no. 2650)

MARC details
000 -LEADER
fixed length control field 00983nam a22002417a 4500
001 - CONTROL NUMBER
control field 2650
003 - CONTROL NUMBER IDENTIFIER
control field FISKH
005 - DATE AND TIME OF LATEST TRANSACTION
control field 20240108153903.0
008 - FIXED-LENGTH DATA ELEMENTS--GENERAL INFORMATION
fixed length control field 240108b cb ||||| |||| 00| 0 eng d
010 ## - LIBRARY OF CONGRESS CONTROL NUMBER
LC control number 00584364
020 ## - INTERNATIONAL STANDARD BOOK NUMBER
International Standard Book Number 046594007957
040 ## - CATALOGING SOURCE
Original cataloging agency DLC
Transcribing agency DLC
Language of cataloging eng
050 00 - LIBRARY OF CONGRESS CALL NUMBER
Classification number RZA 6238
100 ## - MAIN ENTRY--PERSONAL NAME
Personal name Lewis, C. S.
245 14 - TITLE STATEMENT
Title The lion the witch and the wardrobe :
Remainder of title The Chronicle of Narnia /
Statement of responsibility, etc. C. S. Lewis Book Two ; Illustrated in color by Pauline Baynes
250 ## - EDITION STATEMENT
Edition statement First Harper Trophy edition, 2000
260 ## - PUBLICATION, DISTRIBUTION, ETC.
Place of publication, distribution, etc. New York ;
Name of publisher, distributor, etc. Harper Trophy,
Date of publication, distribution, etc. 1950
300 ## - PHYSICAL DESCRIPTION
Extent 189 pages :
Other physical details color illustrations ;
Dimensions 20 cm
520 ## - SUMMARY, ETC.
Summary, etc. Four English schoolchildren find their way through the back of a wardrobe into the magic land of Narnia and assist Aslan, the golden lion, to triumph over the White Witch, who has cursed the land with eternal winter.
590 ## - LOCAL NOTE (RLIN)
Local note For replacement by OCLC copy.
906 ## - LOCAL DATA ELEMENT F, LDF (RLIN)
a 0
b ibc
c orignew
d 4
e ncip
f 20
g y-genmusic
942 ## - ADDED ENTRY ELEMENTS (KOHA)
Source of classification or shelving scheme Dewey Decimal Classification
Koha item type Books
Suppress in OPAC No
Holdings
Withdrawn status Lost status Source of classification or shelving scheme Damaged status Not for loan Collection Home library Current library Shelving location Date acquired Total Checkouts Full call number Barcode Date due Date last seen Date last checked out Price effective from Koha item type
    Dewey Decimal Classification     Fiction Footprints International School Library Network Toul Kork Campus Footprints International School Library Network Toul Kork Campus   01/08/2024 1 LEW Fic PZ7.L58474 FIS05207 01/29/2026 01/15/2026 01/15/2026 01/08/2024 Books